Let the children speak : (Record no. 1041)

MARC details
000 -LEADER
fixed length control field 00865cam a2200289 i 4500
005 - DATE AND TIME OF LATEST TRANSACTION
control field 20260322212044.0
008 - FIXED-LENGTH DATA ELEMENTS--GENERAL INFORMATION
fixed length control field data
010 ## - LIBRARY OF CONGRESS CONTROL NUMBER
LC control number 74000313
020 ## - INTERNATIONAL STANDARD BOOK NUMBER
International Standard Book Number 0669926760
020 ## - INTERNATIONAL STANDARD BOOK NUMBER
International Standard Book Number 9780669926767
040 ## - CATALOGING SOURCE
Original cataloging agency DLC
Transcribing agency DLC
Modifying agency OCLCQ
043 ## - GEOGRAPHIC AREA CODE
Geographic area code n-us---
049 ## - LOCAL HOLDINGS (OCLC)
Holding library YUSS
050 00 - LIBRARY OF CONGRESS CALL NUMBER
Classification number HV5825
Item number .L47
060 ## - NATIONAL LIBRARY OF MEDICINE CALL NUMBER
Classification number WM270 L723L
096 ## - LOCALLY ASSIGNED NLM-TYPE CALL NUMBER (OCLC)
Classification number WM 270 L7231 1975
001 - CONTROL NUMBER
control field data
100 1# - MAIN ENTRY--PERSONAL NAME
Personal name Light, Patricia K.
245 10 - TITLE STATEMENT
Title Let the children speak :
Remainder of title a psychological study of young teenagers and drugs /
Statement of responsibility, etc. Patricia K. Light.
260 ## - PUBLICATION, DISTRIBUTION, ETC.
Place of publication, distribution, etc. Lexington, Mass. :
Name of publisher, distributor, etc. Lexington Books,
Date of publication, distribution, etc. [1975]
300 ## - PHYSICAL DESCRIPTION
Extent xiii, 95 p. ;
Dimensions 24 cm.
504 ## - BIBLIOGRAPHY, ETC. NOTE
Bibliography, etc. note Includes bibliographical references (93-95).
590 ## - LOCAL NOTE (RLIN)
Local note Includes bibliography.
650 #0 - SUBJECT ADDED ENTRY--TOPICAL TERM
Topical term or geographic name entry element Youth
General subdivision Drug use
Geographic subdivision United States
Form subdivision Case studies.
650 #0 - SUBJECT ADDED ENTRY--TOPICAL TERM
Topical term or geographic name entry element Adolescent psychology.
650 #2 - SUBJECT ADDED ENTRY--TOPICAL TERM
Topical term or geographic name entry element Substance Abuse
General subdivision Adolescence.
Holdings
Withdrawn status Lost status Damaged status Not for loan Home library Current library Shelving location Date acquired Total checkouts Full call number Barcode Date last seen Price effective from Koha item type
        Franklin Franklin General stacks 22/03/2026   HV5825 .L47 BC0011075 22/03/2026 22/03/2026 Books